| 000 | 00000nam 2200000zi 4500 |
| 001 | 9.941036 |
| 003 | CaOODSP |
| 005 | 20240725132139 |
| 006 | m o d f |
| 007 | cr |n||||||||| |
| 008 | 240725e201202##oncd ob f|0| 0 fre d |
| 040 | |aCaOODSP|bfre|erda|cCaOODSP |
| 043 | |an-cn--- |
| 086 | 1 |aIN4-48/2012F-PDF |
| 245 | 00|aRapport d’audit interne sur les dépenses de voyages et d’accueil de la Division des finances et de la planification intégrée. |
| 246 | 37|aRapport d’audit interne – finances et planification intégrée – voyages et accueil |
| 264 | 1|a[Ottawa] : |bBureau du surintendant des institutions financières Canada = Office of the Superintendant of Financial Institutions Canada, |cfévrier 2012. |
| 300 | |a1 ressource en ligne (18 pages) : |bgraphique |
| 336 | |atexte|btxt|2rdacontent/fre |
| 337 | |ainformatique|bc|2rdamedia/fre |
| 338 | |aressource en ligne|bcr|2rdacarrier/fre |
| 500 | |aPublié aussi en anglais sous le titre : Internal audit report on Finance and Corporate Planning Division - travel & hospitality. |
| 504 | |aComprend des références bibliographiques (page 4). |
| 610 | 26|aBureau du surintendant des institutions financières Canada|xAudit. |
| 710 | 2 |aBureau du surintendant des institutions financières Canada, |eorganisme de publication. |
| 775 | 08|tInternal audit report on Finance and Corporate Planning Division : |w(CaOODSP)9.940457 |
| 856 | 40|qPDF|s717 Ko|uhttps://publications.gc.ca/collections/collection_2024/bsif-osfi/IN4-48-2012-fra.pdf |